Applying IFRS standards / (Record no. 52563)

MARC details
000 -LEADER
fixed length control field 00725nam a2200277Ia 4500
005 - DATE AND TIME OF LATEST TRANSACTION
control field 20260429112136.0
008 - FIXED-LENGTH DATA ELEMENTS--GENERAL INFORMATION
fixed length control field 260429s9999||||xx |||||||||||||| ||und||
020 ## - INTERNATIONAL STANDARD BOOK NUMBER
International Standard Book Number 9781394235933
041 ## - LANGUAGE CODE
Language English
082 ## - DEWEY DECIMAL CLASSIFICATION NUMBER
Classification number 657.9042
Item number PIC
100 ## - MAIN ENTRY--PERSONAL NAME
Personal name Picker, Ruth
245 #0 - TITLE STATEMENT
Title Applying IFRS standards /
Statement of responsibility, etc Ruth Picker
250 ## - EDITION STATEMENT
Edition statement 5th ed.
260 ## - PUBLICATION, DISTRIBUTION, ETC. (IMPRINT)
Place of publication, distribution, etc New Jersey :
Name of publisher, distributor, etc Wiley,
Date of publication, distribution, etc 2025.
300 ## - PHYSICAL DESCRIPTION
Extent xvii, 678 p.; pbk
650 ## - SUBJECT ADDED ENTRY--TOPICAL TERM
Topical term or geographic name as entry element Financial statement
650 ## - SUBJECT ADDED ENTRY--TOPICAL TERM
Topical term or geographic name as entry element IASB framework
650 ## - SUBJECT ADDED ENTRY--TOPICAL TERM
Topical term or geographic name as entry element IFRS standards
700 ## - ADDED ENTRY--PERSONAL NAME
Personal name :Loftus, Janice
700 ## - ADDED ENTRY--PERSONAL NAME
Personal name Kolitz, David
700 ## - ADDED ENTRY--PERSONAL NAME
Personal name Koning, Miriam
700 ## - ADDED ENTRY--PERSONAL NAME
Personal name Livine, Gilad
700 ## - ADDED ENTRY--PERSONAL NAME
Personal name Service, Cathrynne
700 ## - ADDED ENTRY--PERSONAL NAME
Personal name Van Der Tas, Leo
942 ## - ADDED ENTRY ELEMENTS (KOHA)
Koha item type Text Books
Holdings
Withdrawn status Lost status Damaged status Not for loan Collection code Home library Location Shelving location Date of Cataloging Source of acquisition Total Checkouts Full call number Barcode Date last seen Price effective from Koha item type
        Non-fiction CUTN Central Library CUTN Central Library Medicine, Technology & Management 29/04/2026 TBH Library Book Suppliers, Chennai - Invoice No. SINV00733 on 09-02-2026   657.9042 PIC 57666 29/04/2026 29/04/2026 Text Books